000 00696nam a2200289Ia 4500
005 20260324121758.0
008 008 260324s9999 xx 000 0 eng d
020 _a9780203085127
037 _aEBOOK
040 _aCRL
040 _beng
040 _cCRL
041 _2eng
041 _aeng
084 _qCRL
100 _aGerard Clarke
_9288979
245 0 _aCivil Society in the Philippines
245 0 _bTheoretical, Methodological and Policy Debates
260 _bTaylor and Francis
260 _c2013
365 _a
365 _b240
856 _uhttp://www.taylorfrancis.com/books/9780203085127
942 _cEBOOK
999 _c1756145
_d1756145